书目信息 |
| 题名: |
环境微生物
|
|
| 作者: | 周凤霞 , 白京生 主编 | |
| 分册: | ||
| 出版信息: | 北京 化学工业出版社 2003 |
|
| 页数: | 190页 | |
| 开本: | 26cm | |
| 丛书名: | ||
| 单 册: | ||
| 中图分类: | X172 | |
| 科图分类: | ||
| 主题词: | 环境生物学--微生物学--高等教育--教材 , 环境生物学 , 微生物学 | |
| 电子资源: | ||
| ISBN: | 7-5025-4636-7 | |
| 000 | 00956nam0 2200277 450 | |
| 001 | 002439821 | |
| 005 | 20070720111854.34 | |
| 010 | @a7-5025-4636-7@dCNY22.00 | |
| 100 | @a20030829e20062003em y0chiy0110 ea | |
| 101 | 0 | @achi |
| 102 | @aCN@b110000 | |
| 105 | @ay z 000yy | |
| 106 | @ar | |
| 200 | 1 | @a环境微生物@Ahuan jing wei sheng wu@f周凤霞,白京生主编@Fzhou feng xia, bai jing sheng zhu bian |
| 210 | @a北京@c化学工业出版社@d2003@h2006重印 | |
| 215 | @a190页@d26cm | |
| 300 | @a教育部高职高专规划教材 | |
| 330 | @a本教材阐述了环境微生物学的理论基础、微生物在自然界物质循环中的作用、微生物对环境的污染与危害、微生物降解与转化污染物质的机理等内容。 | |
| 606 | 0 | @a环境生物学@x微生物学@x高等教育@j教材 |
| 606 | 0 | @a环境生物学 |
| 606 | 0 | @a微生物学 |
| 690 | @aX172@v4 | |
| 701 | 0 | @a周凤霞@Azhou feng xia@c(环境微生物)@4主编 |
| 701 | 0 | @a白京生@Abai jing sheng@c(环境微生物)@4主编 |
| 801 | 0 | @aCN@bNLC@c20070720 |
| 905 | @dX172@e139@f4 | |
| 环境微生物/周凤霞,白京生主编.-北京:化学工业出版社,2003(2006重印) |
| 190页;26cm |
| 教育部高职高专规划教材 |
| ISBN 7-5025-4636-7:CNY22.00 |
| 本教材阐述了环境微生物学的理论基础、微生物在自然界物质循环中的作用、微生物对环境的污染与危害、微生物降解与转化污染物质的机理等内容。 |
| ● |
| 相关链接 |
|
|
|
|
正题名:环境微生物
索取号:X172/139
 
预约/预借
| 序号 | 登录号 | 条形码 | 馆藏地/架位号 | 状态 | 备注 |
| 1 | 0850422 | 208504224 | 第二样本阅览室/ [索取号:X172/139] | 在馆 | |
| 2 | 0850423 | 208504233 | 第三借阅区/ [索取号:X172/139] | 在馆 | |
| 3 | 0850424 | 208504242 | 第三借阅区/ [索取号:X172/139] | 在馆 | |
| 4 | 0850425 | 208504251 | 第三借阅区/ [索取号:X172/139] | 在馆 |